000 00712cam a22002413a 4500
001 14467
003 PGUSA
005 20140828083317.0
008 041225s2004||||xxu|||||s|||||000 | eng d
040 _aPGUSA
_beng
042 _adc
050 4 _aPR
100 1 _aBaker, Thomas, active 1700-1709
245 1 4 _aThe Fine Lady's Airs (1709)
_h[electronic resource] /
_cThomas, active 1700-1709 Baker
260 _bProject Gutenberg,
_c2004
500 _aAugustan Reprint Society, publication number 25
506 _aPublic domain in the USA.
516 _aElectronic text
653 _aEnglish drama
830 0 _aProject Gutenberg
_v14467
856 4 0 _uhttp://www.gutenberg.org/ebooks/14467
942 _cEB
999 _c243722
_d243722